[Event "MCRE_PF17"]
[Site "?"]
[Date "2004.??.??"]
[Round "?"]
[White "Jarabinsky, Martin"]
[Black "Mezera, Lukas"]
[Result "0-1"]
[WhiteElo "2127"]
[BlackElo "2258"]
[PlyCount "72"]
[EventDate "2004.??.??"]
[EventType "corr"]
[EventRounds "2"]
[SourceDate "2005.03.12"]

1. e4 c5 2. Nf3 d6 3. d4 cxd4 4. Nxd4 Nf6 5. Nc3 g6 6. Be2 Bg7 7. O-O O-O 8.
Be3 Nc6 9. Kh1 d5 10. Nxc6 bxc6 11. e5 Ne8 12. f4 f6 13. exf6 Bxf6 14. Ne4 Bxb2
15. Rb1 Bg7 16. Ng5 Qd6 17. c4 Bf5 18. Bd3 Nc7 19. Bxf5 Rxf5 20. cxd5 Nxd5 21.
Bd2 Rb8 22. Rxb8+ Qxb8 23. Ne6 Qb2 24. a4 Bc3 25. Bxc3 Qxc3 26. g4 Rf6 27. f5
Qb4 28. Qe2 h5 29. gxh5 Rxf5 30. Rg1 Rf6 31. Ng5 Nf4 32. Qa2+ e6 33. Qc2 c5 34.
Rb1 Qd4 35. Rd1 Qe5 36. h4 Rf5 0-1

[Event "MCRE_PF17"]
[Site "?"]
[Date "2004.??.??"]
[Round "?"]
[White "Mezera, Lukas"]
[Black "Mikoska, Josef"]
[Result "1-0"]
[WhiteElo "2258"]
[BlackElo "2111"]
[PlyCount "96"]
[EventDate "2004.??.??"]
[EventType "corr"]
[EventRounds "2"]
[SourceDate "2005.03.12"]

1. e4 e5 2. Nf3 Nc6 3. Bb5 Nd4 4. Nxd4 exd4 5. O-O Qh4 6. d3 Bd6 7. h3 Ne7 8.
Nd2 O-O 9. Bc4 Nc6 10. Nf3 Qh5 11. Qe2 Re8 12. Re1 Ne5 13. Nxd4 Qxe2 14. Rxe2
Nxc4 15. dxc4 b6 16. c3 c5 17. Nf5 Bc7 18. Kf1 d5 19. cxd5 Ba6 20. f3 Rad8 21.
Ne3 Bxe2+ 22. Kxe2 f5 23. Nxf5 Rxd5 24. Ne3 Rd7 25. c4 Be5 26. Nd5 Kf7 27. Kd3
Rd6 28. Rb1 Bd4 29. Bd2 Bf2 30. g4 Rde6 31. a3 Rd6 32. b4 Red8 33. f4 Bd4 34.
h4 Rg6 35. g5 Rgd6 36. h5 R6d7 37. a4 g6 38. Rf1 Kg7 39. b5 gxh5 40. f5 Re8 41.
Rh1 Be5 42. Rxh5 Rd6 43. a5 Kg8 44. Rh1 Bd4 45. Bf4 Rd7 46. Rh6 bxa5 47. Be3
Bg7 48. Ra6 Bf8 1-0

[Event "MCRE_PF17"]
[Site "?"]
[Date "2004.??.??"]
[Round "?"]
[White "Mikoska, Josef"]
[Black "Jarabinsky, Martin"]
[Result "0-1"]
[WhiteElo "2111"]
[BlackElo "2127"]
[PlyCount "56"]
[EventDate "2004.??.??"]
[EventType "corr"]
[EventRounds "2"]
[SourceDate "2005.03.12"]

1. e4 c5 2. b3 Nc6 3. Bb2 e5 4. g3 d6 5. Bg2 g6 6. Ne2 Bg7 7. f4 Nge7 8. Na3
O-O 9. O-O f5 10. exf5 Bxf5 11. fxe5 dxe5 12. d3 Bg4 13. Qd2 Nf5 14. Nc4 Bh6
15. Qe1 Ne3 16. Rxf8+ Qxf8 17. Nxe3 Bxe3+ 18. Kh1 Rd8 19. Nc3 Bd4 20. Qd2 Qe7
21. h3 Be6 22. Re1 Rf8 23. Nd1 Bxb2 24. Nxb2 Nd4 25. Rxe5 Qd7 26. Qe3 Bxh3 27.
Bd5+ Kh8 28. Qf2 Rxf2 0-1

[Event "MCRE_PF17"]
[Site "?"]
[Date "2004.??.??"]
[Round "?"]
[White "Struzka, Vlastimil"]
[Black "Kohler, Josef"]
[Result "1-0"]
[WhiteElo "2128"]
[BlackElo "2230"]
[PlyCount "47"]
[EventDate "2004.??.??"]
[EventType "corr"]
[EventRounds "2"]
[SourceDate "2005.03.12"]

1. d4 Nf6 2. Nf3 g6 3. Bf4 Bg7 4. Nc3 d6 5. e4 O-O 6. Be2 Nc6 7. d5 e5 8. Bg5
Ne7 9. Qd2 Nh5 10. h3 f6 11. Be3 f5 12. exf5 Nxf5 13. Bg5 Qe8 14. g4 e4 15. Nh2
e3 16. Bxe3 Nxe3 17. Qxe3 Nf4 18. O-O-O Bxc3 19. bxc3 Qa4 20. Kb2 c5 21. Bf1
Bd7 22. c4 Rae8 23. Qa3 Qa5 24. Qxa5 1-0

[Event "MCRE_PF17"]
[Site "?"]
[Date "2004.??.??"]
[Round "?"]
[White "Nigrin, Jiri"]
[Black "Struzka, Vlastimil"]
[Result "0-1"]
[WhiteElo "2104"]
[BlackElo "2125"]
[PlyCount "24"]
[EventDate "2004.??.??"]
[EventType "corr"]
[EventRounds "2"]
[SourceDate "2005.03.12"]

1. d4 Nf6 2. c4 e6 3. Nf3 d5 4. Nc3 c6 5. Bg5 Nbd7 6. e3 Qa5 7. Rc1 Bb4 8. Qb3
Ne4 9. a3 Bxc3+ 10. bxc3 Nxg5 11. Nxg5 dxc4 12. Bxc4 Qxg5 0-1

[Event "MCRE_PF17"]
[Site "?"]
[Date "2004.??.??"]
[Round "?"]
[White "Jarabinsky, Martin"]
[Black "Glaser, Karel"]
[Result "0-1"]
[WhiteElo "2127"]
[BlackElo "2104"]
[PlyCount "74"]
[EventDate "2004.??.??"]
[EventType "corr"]
[EventRounds "2"]
[SourceDate "2005.03.12"]

1. d4 Nf6 2. Nf3 e6 3. c4 d5 4. Nc3 c6 5. Bg5 h6 6. Bxf6 Qxf6 7. e3 Nd7 8. Bd3
dxc4 9. Bxc4 Bd6 10. O-O Qe7 11. e4 e5 12. dxe5 Nxe5 13. Nxe5 Bxe5 14. Qd3 O-O
15. f4 Rd8 16. Bxf7+ Kf8 17. Qxd8+ Qxd8 18. fxe5 Qb6+ 19. Kh1 Qxb2 20. Bb3+ Ke8
21. Rac1 Qd2 22. Rc2 Qd4 23. Rff2 Qxe5 24. Ne2 Ke7 25. Rf7+ Kd6 26. Ng3 b5 27.
Rc1 g6 28. Rcf1 h5 29. Rh7 a5 30. Re1 a4 31. Bf7 Ra7 32. a3 h4 33. Nf1 Qb2 34.
h3 Qxa3 35. Rd1+ Kc5 36. Bxg6 Rxh7 37. Bxh7 b4 0-1

[Event "MCRE_PF17"]
[Site "?"]
[Date "2004.??.??"]
[Round "?"]
[White "Kubikova, Hana"]
[Black "Glaser, Karel"]
[Result "1/2-1/2"]
[WhiteElo "2160"]
[BlackElo "2104"]
[PlyCount "48"]
[EventDate "2004.??.??"]
[EventType "corr"]
[EventRounds "2"]
[SourceDate "2005.03.12"]

1. d4 Nf6 2. c4 e6 3. Nf3 d5 4. Bg5 Be7 5. Nc3 c6 6. e3 Nbd7 7. Qc2 O-O 8. cxd5
Nxd5 9. Bxe7 Qxe7 10. Nxd5 exd5 11. Bd3 Nf6 12. O-O Ne4 13. Rab1 Bf5 14. b4
Rfc8 15. Ne5 g6 16. Rfc1 a5 17. a3 axb4 18. axb4 Qf6 19. Nf3 Ra3 20. Rb3 Ra4
21. Rcb1 Rca8 22. h3 Kg7 23. R3b2 Ra3 24. Rb3 Ra2 1/2-1/2

[Event "MCRE_PF17"]
[Site "?"]
[Date "2004.??.??"]
[Round "?"]
[White "Glaser, Karel"]
[Black "Jarabinsky, Martin"]
[Result "1/2-1/2"]
[WhiteElo "2104"]
[BlackElo "2127"]
[PlyCount "81"]
[EventDate "2004.??.??"]
[EventType "corr"]
[EventRounds "2"]
[SourceDate "2005.03.12"]

1. e4 c5 2. Nf3 Nc6 3. d4 cxd4 4. Nxd4 Nf6 5. Nc3 d6 6. Bg5 e6 7. Qd2 Be7 8.
O-O-O Nxd4 9. Qxd4 O-O 10. f4 h6 11. Bh4 Qa5 12. Bc4 Qh5 13. Bg3 Rd8 14. Qe3
Bd7 15. e5 dxe5 16. fxe5 Ng4 17. Qe2 Bc6 18. Kb1 Bh4 19. Bxh4 Qxh4 20. Bd3 Nf2
21. Qe1 Rd4 22. g3 Nxd3 23. Rxd3 Qd8 24. Rxd4 Qxd4 25. Rf1 b5 26. a3 a5 27. Qf2
Qxe5 28. Qxf7+ Kh7 29. Qf4 Qxf4 30. gxf4 b4 31. axb4 axb4 32. Na2 b3 33. Nc1
bxc2+ 34. Kxc2 Rc8 35. Kd2 Be4 36. Rf2 Kg6 37. Ke3 Bd5 38. Ne2 Kf6 39. Nc3 Rc4
40. Rd2 Bc6 41. Rd6 1/2-1/2

[Event "MCRE_PF17"]
[Site "?"]
[Date "2004.??.??"]
[Round "?"]
[White "Jarabinsky, Martin"]
[Black "Kohler, Josef"]
[Result "1/2-1/2"]
[WhiteElo "2127"]
[BlackElo "2230"]
[PlyCount "78"]
[EventDate "2004.??.??"]
[EventType "corr"]
[EventRounds "2"]
[SourceDate "2005.03.12"]

1. d4 Nf6 2. c4 e6 3. Nc3 Bb4 4. g3 c5 5. Nf3 cxd4 6. Nxd4 O-O 7. Bg2 d5 8. Qb3
Bxc3+ 9. Qxc3 e5 10. Nb3 d4 11. Qa5 Qe8 12. O-O Nc6 13. Qa4 Qe6 14. Nc5 Qf5 15.
b4 Nd7 16. Nxd7 Bxd7 17. b5 Nd8 18. h3 a6 19. g4 Qg6 20. Qa5 Be6 21. Qc7 f6 22.
bxa6 Rxa6 23. f4 Qf7 24. Qxf7+ Rxf7 25. fxe5 fxe5 26. Bg5 Rxf1+ 27. Kxf1 Nf7
28. Be7 Bxc4 29. Bxb7 Ra7 30. Rb1 Bxa2 31. Rb6 Bc4 32. Be4 Rxe7 33. Rb8+ Nd8
34. Rxd8+ Kf7 35. Bxh7 Ra7 36. Rc8 Be6 37. Rb8 g5 38. Rb5 Kf6 39. Bd3 Rc7
1/2-1/2

[Event "MCRE_PF17"]
[Site "?"]
[Date "2004.??.??"]
[Round "?"]
[White "Glaser, Karel"]
[Black "Mikoska, Josef"]
[Result "1-0"]
[WhiteElo "2104"]
[BlackElo "2111"]
[PlyCount "77"]
[EventDate "2004.??.??"]
[EventType "corr"]
[EventRounds "2"]
[SourceDate "2005.03.12"]

1. e4 e5 2. Nf3 Nc6 3. Bb5 Bc5 4. c3 Bb6 5. O-O Qe7 6. Na3 a6 7. Bxc6 dxc6 8.
Nc4 f6 9. d4 Bg4 10. h3 Bh5 11. dxe5 Rd8 12. Qe2 Qe6 13. Nxb6 cxb6 14. g4 Bg6
15. Bf4 fxe5 16. Nxe5 Nf6 17. Qe3 O-O 18. Nxg6 hxg6 19. f3 Qf7 20. Bg3 b5 21.
a3 Rfe8 22. Kg2 Nd5 23. Qa7 Nf4+ 24. Bxf4 Qxf4 25. Rad1 Rxd1 26. Rxd1 Rf8 27.
Rd3 a5 28. Qe3 Qxe3 29. Rxe3 Rd8 30. Kf2 g5 31. Ke2 Rd6 32. Rd3 Rh6 33. Rd8+
Kh7 34. b4 a4 35. Rd7 Rxh3 36. Rxb7 Rh2+ 37. Kd3 Rf2 38. Rf7 Kg6 39. Rf8 1-0

[Event "MCRE_PF17"]
[Site "?"]
[Date "2004.??.??"]
[Round "?"]
[White "Nigrin, Jiri"]
[Black "Jarabinsky, Martin"]
[Result "1/2-1/2"]
[WhiteElo "2104"]
[BlackElo "2127"]
[PlyCount "61"]
[EventDate "2004.??.??"]
[EventType "corr"]
[EventRounds "2"]
[SourceDate "2005.03.12"]

1. d4 Nf6 2. c4 g6 3. Nc3 Bg7 4. e4 d6 5. Be2 O-O 6. Bg5 h6 7. Be3 Nbd7 8. Qc2
a6 9. Nf3 c5 10. e5 dxe5 11. dxe5 Ng4 12. e6 Nxe3 13. fxe3 Nb6 14. exf7+ Rxf7
15. Rd1 Qc7 16. Qxg6 Bf5 17. Qh5 Qc6 18. O-O Bg6 19. Qg4 Bxc3 20. bxc3 Qe4 21.
Nh4 Qxg4 22. Bxg4 Kg7 23. Nxg6 Rxf1+ 24. Rxf1 Kxg6 25. Bf5+ Kf6 26. Be4+ Ke5
27. Bxb7 Ra7 28. Bf3 Rd7 29. Rb1 Nxc4 30. a4 Nxe3 31. Kf2 1/2-1/2

[Event "MCRE_PF17"]
[Site "?"]
[Date "2004.??.??"]
[Round "?"]
[White "Nigrin, Jiri"]
[Black "Glaser, Karel"]
[Result "0-1"]
[WhiteElo "2104"]
[BlackElo "2104"]
[PlyCount "58"]
[EventDate "2004.??.??"]
[EventType "corr"]
[EventRounds "2"]
[SourceDate "2005.03.12"]

1. d4 Nf6 2. c4 e6 3. Nf3 d5 4. Nc3 c6 5. Bg5 h6 6. Bh4 dxc4 7. e4 g5 8. Bg3 b5
9. Be2 a6 10. O-O Bb7 11. Re1 Be7 12. Qc2 Nbd7 13. Rad1 Qb6 14. Ne5 Rd8 15. Qc1
Nxe5 16. Bxe5 O-O 17. Bf3 Ne8 18. Qc2 f6 19. Bg3 Rxd4 20. Rxd4 Qxd4 21. Rd1 Qc5
22. e5 f5 23. h3 Bc8 24. Ne2 Ng7 25. Qc3 h5 26. Qd4 Rd8 27. Qxd8+ Bxd8 28.
Rxd8+ Kh7 29. Rxc8 Qb4 0-1

[Event "MCRE_PF17"]
[Site "?"]
[Date "2004.??.??"]
[Round "?"]
[White "Nigrin, Jiri"]
[Black "Mikoska, Josef"]
[Result "1/2-1/2"]
[WhiteElo "2104"]
[BlackElo "2111"]
[PlyCount "43"]
[EventDate "2004.??.??"]
[EventType "corr"]
[EventRounds "2"]
[SourceDate "2005.03.12"]

1. Nf3 b6 2. g3 Bb7 3. Bg2 c5 4. O-O g6 5. d4 Nf6 6. c3 Bg7 7. Qb3 Qc7 8. dxc5
Qxc5 9. Be3 Qc8 10. Qa4 O-O 11. Qh4 d6 12. Rd1 Qg4 13. Qxg4 Nxg4 14. Bd4 Nf6
15. Nbd2 Nc6 16. Bxf6 Bxf6 17. Nd4 Rfc8 18. Nxc6 Bxc6 19. Bxc6 Rxc6 20. e4 Rb8
21. f4 b5 22. a3 1/2-1/2

[Event "MCRE_PF17"]
[Site "?"]
[Date "2004.??.??"]
[Round "?"]
[White "Kohler, Josef"]
[Black "Glaser, Karel"]
[Result "1/2-1/2"]
[WhiteElo "2230"]
[BlackElo "2104"]
[PlyCount "87"]
[EventDate "2004.??.??"]
[EventType "corr"]
[EventRounds "2"]
[SourceDate "2005.03.12"]

1. c4 e5 2. Nc3 Nf6 3. Nf3 Nc6 4. g3 Bc5 5. Bg2 O-O 6. O-O d6 7. e3 Bb6 8. d3
Ne7 9. d4 Ng6 10. b4 c6 11. dxe5 Nxe5 12. Nxe5 dxe5 13. c5 Bc7 14. b5 Bd7 15.
a4 Qe7 16. Qc2 Rfe8 17. Ne4 cxb5 18. Nxf6+ Qxf6 19. Bxb7 Bf5 20. Be4 Bxe4 21.
Qxe4 bxa4 22. Rxa4 Qe7 23. Qc6 Rec8 24. Ba3 a5 25. Rd1 Rd8 26. Rxd8+ Rxd8 27.
Bb2 f6 28. Bc3 Qe8 29. Qxe8+ Rxe8 30. Ra3 Ra8 31. e4 Kf7 32. Kf1 Bd8 33. Bd2
Ke6 34. Ke2 Kd7 35. Kd3 Kc6 36. Kc4 Be7 37. Rxa5 Rxa5 38. Bxa5 Bxc5 39. f4 exf4
40. gxf4 Be3 41. f5 Bf4 42. h3 Be5 43. Kd3 g5 44. Ke3 1/2-1/2

[Event "MCRE_PF17"]
[Site "?"]
[Date "2004.??.??"]
[Round "?"]
[White "Kohler, Josef"]
[Black "Nigrin, Jiri"]
[Result "0-1"]
[WhiteElo "2230"]
[BlackElo "2104"]
[PlyCount "58"]
[EventDate "2004.??.??"]
[EventType "corr"]
[EventRounds "2"]
[SourceDate "2005.03.12"]

1. c4 Nf6 2. Nc3 e5 3. Nf3 Nc6 4. e3 Bb4 5. Qc2 Bxc3 6. bxc3 O-O 7. Be2 e4 8.
Ng5 Re8 9. f3 exf3 10. Nxf3 d6 11. O-O Bg4 12. d3 Ne5 13. e4 Ned7 14. Bf4 Qe7
15. Nd4 a6 16. Rab1 Rab8 17. Qd1 Bxe2 18. Qxe2 Ne5 19. Bg5 Ned7 20. Nf5 Qe6 21.
Qe3 Qe5 22. Qh3 b5 23. Rbe1 Qxc3 24. Rc1 Qe5 25. cxb5 Qxb5 26. Qh4 Re6 27. Bxf6
Nxf6 28. Nxg7 Kxg7 29. Qxf6+ Rxf6 0-1

[Event "MCRE_PF17"]
[Site "?"]
[Date "2004.??.??"]
[Round "?"]
[White "Kohler, Josef"]
[Black "Struzka, Vlastimil"]
[Result "1/2-1/2"]
[WhiteElo "2230"]
[BlackElo "2128"]
[PlyCount "82"]
[EventDate "2004.??.??"]
[EventType "corr"]
[EventRounds "2"]
[SourceDate "2005.03.12"]

1. c4 e6 2. Nc3 Nf6 3. d4 Bb4 4. e3 O-O 5. Bd3 d5 6. Nf3 c5 7. O-O Nc6 8. a3
cxd4 9. exd4 dxc4 10. Bxc4 Bd6 11. Re1 h6 12. Qd3 a6 13. Ne4 Bc7 14. Nxf6+ Qxf6
15. Qe4 Ne7 16. Bd2 Qf5 17. Qe3 Nd5 18. Bxd5 Qxd5 19. Bb4 Bd6 20. Bxd6 Qxd6 21.
Qe5 Qxe5 22. dxe5 b5 23. Nd4 Bb7 24. Rac1 Bd5 25. f4 Rac8 26. Rxc8 Rxc8 27. Kf2
f6 28. exf6 gxf6 29. Re2 Kf7 30. Rd2 Ke7 31. Ke3 Bb7 32. g3 Rc4 33. b3 Rc1 34.
Rc2 Rxc2 35. Nxc2 Kd6 36. Nd4 Bg2 37. g4 Bh3 38. Kf3 f5 39. gxf5 Bxf5 40. Ke3
Kd5 41. Ne2 Kc5 1/2-1/2

[Event "MCRE_PF17"]
[Site "?"]
[Date "2004.??.??"]
[Round "?"]
[White "Glaser, Karel"]
[Black "Struzka, Vlastimil"]
[Result "1-0"]
[WhiteElo "2104"]
[BlackElo "2128"]
[PlyCount "81"]
[EventDate "2004.??.??"]
[EventType "corr"]
[EventRounds "2"]
[SourceDate "2005.03.12"]

1. e4 d6 2. d4 Nf6 3. Nc3 g6 4. f4 Bg7 5. Nf3 O-O 6. Bd3 Nc6 7. O-O Bg4 8. e5
dxe5 9. dxe5 Nd5 10. Qe1 Ndb4 11. Be4 f5 12. Bxc6 Nxc6 13. Be3 Qd7 14. Rd1 Qe6
15. Nd5 Bxf3 16. Rxf3 Rad8 17. c4 g5 18. b3 Rd7 19. Rg3 Nxe5 20. Bc5 b6 21. Ba3
c6 22. Nxe7+ Rxe7 23. Bxe7 Qxe7 24. fxe5 f4 25. Rgd3 Qxe5 26. Qxe5 Bxe5 27. Rd7
a5 28. Rb7 g4 29. Rxb6 c5 30. Rd5 Bd4+ 31. Kf1 Kh8 32. Ra6 Re8 33. Rg5 f3 34.
Rxg4 f2 35. Rxd4 cxd4 36. Rxa5 Kg7 37. Kxf2 d3 38. Kf3 Re2 39. a4 Rb2 40. Rb5
Rxb3 41. Rxb3 1-0

[Event "MCRE_PF17"]
[Site "?"]
[Date "2004.??.??"]
[Round "?"]
[White "Glaser, Karel"]
[Black "Kohler, Josef"]
[Result "1-0"]
[WhiteElo "2104"]
[BlackElo "2230"]
[PlyCount "103"]
[EventDate "2004.??.??"]
[EventType "corr"]
[EventRounds "2"]
[SourceDate "2005.03.12"]

1. e4 c5 2. Nf3 Nc6 3. d4 cxd4 4. Nxd4 Nf6 5. Nc3 d6 6. Bg5 e6 7. Qd2 a6 8.
O-O-O h6 9. Be3 Nxd4 10. Bxd4 b5 11. Kb1 Bb7 12. f3 Be7 13. Bd3 Qc7 14. Qf2 O-O
15. Bb6 Qb8 16. Bd4 Nd7 17. h4 b4 18. Ne2 d5 19. exd5 Bxd5 20. g4 Ne5 21. g5 h5
22. Ng3 Nxd3 23. Rxd3 g6 24. Ne4 Qf4 25. Re1 Rfc8 26. b3 Bc6 27. Bf6 Bxe4 28.
Rxe4 Qc7 29. Rc4 Qb7 30. Rxc8+ Rxc8 31. Bb2 Rc5 32. Qd4 e5 33. Qe3 Qc7 34. Qe4
Bf8 35. Rd2 Qb8 36. f4 Bg7 37. f5 gxf5 38. Qxf5 Qb6 39. Rd7 Qg6 40. Qxg6 fxg6
41. Rd6 a5 42. Rxg6 Kh8 43. Ra6 Kg8 44. Kc1 Kf7 45. a3 Rb5 46. a4 Rc5 47. Rb6
Rc7 48. Rb5 Ra7 49. Bxe5 Bxe5 50. Rxe5 Kg6 51. c4 bxc3 52. Kc2 1-0

[Event "MCRE_PF17"]
[Site "?"]
[Date "2004.??.??"]
[Round "?"]
[White "Jarabinsky, Martin"]
[Black "Mikoska, Josef"]
[Result "1/2-1/2"]
[WhiteElo "2127"]
[BlackElo "2111"]
[PlyCount "91"]
[EventDate "2004.??.??"]
[EventType "corr"]
[EventRounds "2"]
[SourceDate "2005.03.12"]

1. e4 e5 2. Nf3 Nc6 3. Bb5 Bc5 4. O-O Nd4 5. Nxd4 exd4 6. d3 c6 7. Bc4 d5 8.
Bb3 Ne7 9. f4 a5 10. a4 O-O 11. f5 f6 12. Bf4 Kh8 13. Nd2 b6 14. Kh1 Bb4 15.
Qh5 Qe8 16. Qf3 Bb7 17. Rfc1 Bxd2 18. Bxd2 Qd7 19. Re1 c5 20. exd5 Nxd5 21. Qg4
Rae8 22. Re6 Bc6 23. Rae1 Nc7 24. R6e2 Rxe2 25. Rxe2 Bxa4 26. Be6 Qd8 27. Bf4
Nd5 28. Bc1 Re8 29. h4 Nb4 30. b3 Bd7 31. h5 Qe7 32. h6 g5 33. Qh5 Bc6 34. Bd2
Nxc2 35. Bxg5 fxg5 36. Rxc2 Rf8 37. Re2 Qf6 38. Qh3 g4 39. Qxg4 Qxh6+ 40. Kg1
Bb5 41. Qg3 Qg7 42. Qh3 Qg5 43. Re1 h5 44. Qf3 Ba6 45. Re5 Bb5 46. Re1 1/2-1/2

[Event "MCRE_PF17"]
[Site "?"]
[Date "2004.??.??"]
[Round "?"]
[White "Struzka, Vlastimil"]
[Black "Glaser, Karel"]
[Result "1/2-1/2"]
[WhiteElo "2128"]
[BlackElo "2104"]
[PlyCount "90"]
[EventDate "2004.??.??"]
[EventType "corr"]
[EventRounds "2"]
[SourceDate "2005.03.12"]

1. d4 Nf6 2. Nf3 e6 3. Bf4 Be7 4. e3 d5 5. Bd3 Nbd7 6. O-O Nh5 7. Be5 f6 8. Bf4
O-O 9. Re1 c5 10. c3 c4 11. Bc2 Nxf4 12. exf4 Bd6 13. g3 Nb6 14. a4 Bd7 15.
Nbd2 g6 16. Qb1 Kg7 17. b3 cxb3 18. Qxb3 a5 19. Bd3 Re8 20. Reb1 Bc7 21. Bb5
Bxb5 22. Qxb5 Re7 23. c4 dxc4 24. Nxc4 Nxc4 25. Qxc4 Bd6 26. Re1 Rc8 27. Qb3
Qe8 28. Re3 Bb4 29. Rd1 Rd8 30. Ne1 b5 31. axb5 Rd5 32. Nc2 Rxb5 33. Nxb4 Rxb4
34. Qa3 Qd8 35. d5 Rd7 36. Rxe6 Rxd5 37. Rde1 Rd1 38. Re8 Qd2 39. Rxd1 Qxd1+
40. Kg2 Qd5+ 41. Qf3 Qxf3+ 42. Kxf3 Rb3+ 43. Ke4 f5+ 44. Kd4 Rb2 45. Re7+ Kh6
1/2-1/2

[Event "MCRE_PF17"]
[Site "?"]
[Date "2004.??.??"]
[Round "?"]
[White "Glaser, Karel"]
[Black "Nigrin, Jiri"]
[Result "1-0"]
[WhiteElo "2104"]
[BlackElo "2104"]
[PlyCount "75"]
[EventDate "2004.??.??"]
[EventType "corr"]
[EventRounds "2"]
[SourceDate "2005.03.12"]

1. e4 c5 2. Nf3 Nc6 3. d4 cxd4 4. Nxd4 Nf6 5. Nc3 e5 6. Ndb5 d6 7. Bg5 a6 8.
Na3 b5 9. Bxf6 gxf6 10. Nd5 Bg7 11. c3 f5 12. Bd3 Be6 13. Nc2 Bxd5 14. exd5 Ne7
15. Qd2 e4 16. Be2 Qb6 17. O-O a5 18. a4 bxa4 19. Ne3 O-O 20. Nc4 Qc5 21. Rfd1
Rfb8 22. Rxa4 Rb3 23. Qg5 Qc7 24. Rd2 h6 25. Qf4 Rab8 26. g4 R3b5 27. gxf5 Nxd5
28. Qxe4 Nb6 29. Nxb6 R5xb6 30. Qh4 Rxb2 31. f6 Rxd2 32. Qg3 Rb1+ 33. Bf1 Rxf1+
34. Kxf1 Rxf2+ 35. Kxf2 Qb6+ 36. Kg2 Qb7+ 37. Kh3 Qd7+ 38. Qg4 1-0

[Event "MCRE_PF17"]
[Site "?"]
[Date "2004.??.??"]
[Round "?"]
[White "Kohler, Josef"]
[Black "Jarabinsky, Martin"]
[Result "1-0"]
[WhiteElo "2210"]
[BlackElo "2127"]
[PlyCount "121"]
[EventDate "2004.??.??"]
[EventType "corr"]
[EventRounds "2"]
[SourceDate "2005.03.12"]

1. c4 Nf6 2. d4 g6 3. Nc3 Bg7 4. e4 d6 5. Nf3 O-O 6. Be2 e5 7. dxe5 dxe5 8.
Qxd8 Rxd8 9. Bg5 Na6 10. Nd5 Rd6 11. Nxf6+ Bxf6 12. Bxf6 Rxf6 13. Nxe5 Re6 14.
f4 Nc5 15. O-O-O Re8 16. Bf3 a5 17. Rhe1 Be6 18. Kc2 Rad8 19. Rxd8 Rxd8 20. Re3
Bc8 21. Nd3 Ne6 22. Kc3 Kg7 23. a3 Nd4 24. Ne1 c5 25. b4 axb4+ 26. axb4 cxb4+
27. Kxb4 Nc6+ 28. Kb5 Nd4+ 29. Kb6 Rd6+ 30. Kc5 Rd7 31. g3 Ne6+ 32. Kb4 Rd2 33.
h4 b6 34. Bg4 h5 35. Bh3 Rb2+ 36. Kc3 Rh2 37. Bxe6 Bxe6 38. Nf3 Ra2 39. Kb3 Ra1
40. Nd4 Bd7 41. Rd3 Rb1+ 42. Kc2 Re1 43. e5 Bg4 44. Ra3 Rg1 45. Re3 Ra1 46. Nb5
Rh1 47. Nd6 Be6 48. Rb3 Rg1 49. Rxb6 Rxg3 50. c5 Rg4 51. c6 Rxf4 52. c7 Rxh4
53. Ne8+ Kh6 54. Rxe6 Rc4+ 55. Kd3 Rxc7 56. Nxc7 fxe6 57. Nxe6 h4 58. Nd4 g5
59. Nf3 h3 60. Nh2 Kg6 61. Ke4 1-0

[Event "MCRE_PF17"]
[Site "?"]
[Date "2004.??.??"]
[Round "?"]
[White "Mikoska, Josef"]
[Black "Glaser, Karel"]
[Result "1/2-1/2"]
[WhiteElo "2111"]
[BlackElo "2104"]
[PlyCount "97"]
[EventDate "2004.??.??"]
[EventType "corr"]
[EventRounds "2"]
[SourceDate "2005.03.12"]

1. e4 e5 2. Nf3 Nc6 3. c3 Nf6 4. d4 d5 5. Bb5 exd4 6. e5 Ne4 7. Nxd4 Bd7 8. O-O
Qe7 9. f3 Nc5 10. f4 Nxd4 11. Bxd7+ Qxd7 12. cxd4 Ne4 13. f5 O-O-O 14. Nc3 g6
15. Nxe4 dxe4 16. Be3 Qd5 17. Qa4 a6 18. Qc2 c6 19. f6 h5 20. a3 h4 21. Rad1 h3
22. g3 Bh6 23. Bxh6 Rxh6 24. Rfe1 Rh5 25. g4 Rh4 26. Rxe4 Qe6 27. Qe2 Kb8 28.
b4 Rd5 29. Rd3 Rb5 30. Rg3 Rh8 31. Qc2 Rd5 32. Rc3 Rh4 33. Qe2 Qd7 34. Rd3 Qe6
35. a4 Qd7 36. e6 fxe6 37. Rd1 Ka7 38. Qe3 Rh8 39. Rf1 Rf8 40. Qxh3 Rxd4 41.
Qe3 e5 42. g5 Ka8 43. Rxe5 Rd3 44. Qf4 Rd4 45. Re4 Rxe4 46. Qxe4 Re8 47. Qc4
Qd2 48. Qc5 Re2 49. Qf8+ 1/2-1/2

[Event "MCRE_PF17"]
[Site "?"]
[Date "2004.??.??"]
[Round "?"]
[White "Kohler, Josef"]
[Black "Mikoska, Josef"]
[Result "1/2-1/2"]
[WhiteElo "2230"]
[BlackElo "2111"]
[PlyCount "84"]
[EventDate "2004.??.??"]
[EventType "corr"]
[EventRounds "2"]
[SourceDate "2005.03.12"]

1. c4 Nf6 2. d4 e6 3. Nf3 d5 4. Nc3 Be7 5. Bg5 h6 6. Bh4 O-O 7. e3 b6 8. Be2
Nbd7 9. cxd5 exd5 10. O-O Bb7 11. Rc1 c5 12. Qa4 Ne4 13. Rfd1 Nxc3 14. Rxc3
Bxh4 15. Nxh4 Nf6 16. Bf3 Ne4 17. Bxe4 dxe4 18. Nf5 Qf6 19. Ng3 cxd4 20. Rxd4
Rfd8 21. Rc7 Rxd4 22. Qxd4 Qxd4 23. exd4 Bd5 24. a3 Kf8 25. Kf1 g6 26. Ne2 Rd8
27. Ke1 a5 28. Kd2 f5 29. Nc3 f4 30. g3 Bf7 31. gxf4 Rxd4+ 32. Ke3 Rd3+ 33.
Kxe4 Rh3 34. Rb7 Rxh2 35. Ke3 h5 36. Rxb6 Rh1 37. Kf3 Rg1 38. Ne2 Rd1 39. f5 g5
40. Nc3 Rg1 41. f6 Kg8 42. Ne4 h4 1/2-1/2

[Event "MCRE_PF17"]
[Site "?"]
[Date "2004.??.??"]
[Round "?"]
[White "Glaser, Karel"]
[Black "Kubikova, Hana"]
[Result "1-0"]
[WhiteElo "2104"]
[BlackElo "2160"]
[PlyCount "69"]
[EventDate "2004.??.??"]
[EventType "corr"]
[EventRounds "2"]
[SourceDate "2005.03.12"]

1. e4 c5 2. Nf3 Nf6 3. e5 Nd5 4. Nc3 Nxc3 5. dxc3 Nc6 6. Bc4 e6 7. Bf4 Qc7 8.
Qd2 h6 9. Bg3 a6 10. O-O g5 11. h3 Rg8 12. Rad1 g4 13. hxg4 Rxg4 14. Be2 b5 15.
Nh2 Rg6 16. Ng4 Be7 17. Nf6+ Bxf6 18. exf6 Qd8 19. Bh4 d5 20. Bh5 Rg8 21. Qxh6
Rf8 22. Rfe1 Qd6 23. Bf3 Ne5 24. Bxd5 exd5 25. Bg3 Be6 26. Rxe5 O-O-O 27. Rexd5
Qxd5 28. Rxd5 Bxd5 29. Qf4 Kb7 30. Qc7+ Ka8 31. Bd6 Rg8 32. Bxc5 Bb7 33. f3
Rd1+ 34. Kf2 Rd2+ 35. Kf1 1-0

[Event "MCRE_PF17"]
[Site "?"]
[Date "2004.??.??"]
[Round "?"]
[White "Jarabinsky, Martin"]
[Black "Kubikova, Hana"]
[Result "1/2-1/2"]
[WhiteElo "2127"]
[BlackElo "2160"]
[PlyCount "66"]
[EventDate "2004.??.??"]
[EventType "corr"]
[EventRounds "2"]
[SourceDate "2005.03.12"]

1. d4 Nf6 2. c4 g6 3. Nf3 Bg7 4. Nc3 O-O 5. e4 d6 6. Bg5 h6 7. Bh4 Nbd7 8. Be2
e5 9. d5 g5 10. Bg3 Nh5 11. Nd2 Nf4 12. O-O Nc5 13. Nb3 Nxb3 14. axb3 f5 15.
Bxf4 gxf4 16. b4 a6 17. Bf3 Bd7 18. exf5 Bxf5 19. Ne4 Kh8 20. c5 Qe7 21. Qc2
Qf7 22. Qc4 Qg6 23. Qe2 Rad8 24. Rfd1 Bd7 25. Bh5 Qh7 26. f3 Bb5 27. Qc2 Bf6
28. Bg4 Rg8 29. cxd6 cxd6 30. Be6 Rg7 31. Rdc1 Qg6 32. Ra3 Be7 33. Kh1 Re8
1/2-1/2

[Event "MCRE_PF17"]
[Site "?"]
[Date "2004.??.??"]
[Round "?"]
[White "Kubikova, Hana"]
[Black "Nigrin, Jiri"]
[Result "1/2-1/2"]
[WhiteElo "2160"]
[BlackElo "2104"]
[PlyCount "68"]
[EventDate "2004.??.??"]
[EventType "corr"]
[EventRounds "2"]
[SourceDate "2005.03.12"]

1. e4 c5 2. Nf3 Nc6 3. d4 cxd4 4. Nxd4 Nf6 5. Nc3 e5 6. Ndb5 d6 7. Bg5 a6 8.
Na3 b5 9. Bxf6 gxf6 10. Nd5 Bg7 11. Bd3 Ne7 12. Nxe7 Qxe7 13. O-O O-O 14. c4 f5
15. Qf3 Qb7 16. Qe2 d5 17. cxd5 fxe4 18. Bxe4 Qd7 19. d6 Rb8 20. Qc2 Qxd6 21.
Bxh7+ Kh8 22. Be4 Qh6 23. Rad1 f5 24. Bd5 e4 25. Nb1 Be5 26. g3 Bb7 27. Qe2 b4
28. f3 Qb6+ 29. Kh1 e3 30. f4 Bxd5+ 31. Rxd5 Qb7 32. Qg2 Bg7 33. Rd3 Qxg2+ 34.
Kxg2 Rfc8 1/2-1/2